Thơ chữ Hán Nguyễn Du
Đã lưu trong:
| Hovedforfatter: | |
|---|---|
| Format: | Bog |
| Sprog: | Vietnamese |
| Udgivet: |
H.
Nxb Văn học
1978
|
| Udgivelse: | In lần thứ 2 |
| Fag: | |
| Tags: |
Tilføj Tag
Ingen Tags, Vær først til at tagge denne postø!
|
| Thư viện lưu trữ: | Mạng thư viện Đại học Đà Nẵng |
|---|
| LEADER | 00995nam a2200313 4500 | ||
|---|---|---|---|
| 001 | 000005352 | ||
| 003 | 1496 | ||
| 005 | 20120426080413.0 | ||
| 008 | 110815s1978 viesd | ||
| 041 | 0 | |a vie | |
| 082 | |a 895.9221 |b NG - D | ||
| 100 | 0 | |a Nguyễn Du |e Tác giả | |
| 245 | 0 | |a Thơ chữ Hán Nguyễn Du |c Nguyễn Du tác giả | |
| 250 | |a In lần thứ 2 | ||
| 260 | |a H. |b Nxb Văn học |c 1978 | ||
| 300 | |a 467 tr |c 19 cm | ||
| 653 | |a Văn học Việt Nam | ||
| 653 | |a Thơ | ||
| 910 | |a Ngô Văn Đường | ||
| OWN | |a LSP | ||
| AVA | |a UDN50 |b LSP |d 895.9221 NG - D |e available |t Error 5001 Not defined in file expand_doc_bib_avail. |f 3 |g 1 |h N |i 0 |k 1 | ||
| 999 | |a From the UDN01 | ||
| AVA | |a UDN50 |b LSP |d 895.9221 NG - D |e available |t Error 5001 Not defined in file expand_doc_bib_avail. |f 3 |g 1 |h N |i 0 |k 1 | ||
| TYP | |a Monograph | ||
| TYP | |a Printed language | ||
| 980 | |a Mạng thư viện Đại học Đà Nẵng | ||